LIBRARY ONLINE CATALOGUE

SOA in Practice (Record no. 18557)

MARC details
000 -LEADER
fixed length control field 00469nam a22001577a 4500
008 - FIXED-LENGTH DATA ELEMENTS--GENERAL INFORMATION
fixed length control field 201007b xxu||||| |||| 00| 0 eng d
020 ## - INTERNATIONAL STANDARD BOOK NUMBER
International Standard Book Number 0596529550
050 ## - LIBRARY OF CONGRESS CALL NUMBER
Classification number TK5105.52
Item number .J67 2007 c.1
100 ## - MAIN ENTRY--PERSONAL NAME
Personal name Josuttis, Nicolai M.
245 ## - TITLE STATEMENT
Title SOA in Practice
Remainder of title the art of distributed system design
Statement of responsibility, etc. Nicoloai M. Josuttis
260 ## - PUBLICATION, DISTRIBUTION, ETC. (IMPRINT)
Place of publication, distribution, etc. USA
Name of publisher, distributor, etc. O'reilly
Date of publication, distribution, etc. 2007
300 ## - PHYSICAL DESCRIPTION
Extent xv, 324p.
650 ## - SUBJECT ADDED ENTRY--TOPICAL TERM
Topical term or geographic name as entry element Computer network architectures
650 ## - SUBJECT ADDED ENTRY--TOPICAL TERM
Topical term or geographic name as entry element Web services
942 ## - ADDED ENTRY ELEMENTS (KOHA)
Source of classification or shelving scheme Library of Congress Classification
Koha item type General Collection
Holdings
Withdrawn status Lost status Source of classification or shelving scheme Not for loan Home library Current library Date acquired Cost, normal purchase price Total Checkouts Full call number Barcode Date last seen Price effective from Koha item type
    Library of Congress Classification   Kabarak, Main Campus Kabarak, Main Campus 07/10/2020 3574.00   TK5105.52 .J67 2007 c.1 029083 07/10/2020 07/10/2020 General Collection
    Library of Congress Classification   Kabarak, Main Campus Kabarak, Main Campus 07/10/2020 3574.00   TK5105.52 .J67 2007 c.2 029084 07/10/2020 07/10/2020 General Collection
    Library of Congress Classification   Kabarak, Nakuru City Campus Kabarak, Nakuru City Campus 07/10/2020 3574.00   TK5105.52 .J67 2007 c.1 029085 07/10/2020 07/10/2020 General Collection